Регионална библиотека "Любен Каравелов" - Русе

Пластична анатомия (Запис номер 80494)

MARC детайли
000 -Лидер
Контролно поле с фиксирана дължина 01318nam a2200361 c 4500
003 - Код на организацията, давaща контролен номер
Контролно поле BLK
005 - Дата и час на последна редакция
Контролно поле 20181130101213.0
008 - Елементи от данни с фиксирана дължина
fixed length control field 180408b bul|||||r ||||||| ||bul||
010 ## - Наследен системен номер
LC control number KNG00084980000
020 ## - Международен стандартен номер на книга ISBN
Международен стандартен номер на книга ISBN 954-528-534-6
-- издат.: Труд
040 ## - Източник на каталожния запис
Идентификатор на билиотеката - собственик на записа BLK
041 ## - Код за език
Код за езика на текст/звукозапис или на отделно заглавие Български
Код за езика КДБФ Български
080 ## - УДК
Текстов определител УДК Анатомично рисуване. Пластична анатомия
УДК код - определител по УДК 743
УДК определител
УДК - код + определител 743
100 1# - Редна дума - Автор
Автор Томов, Еленко Стефанов
Авторска отговорност първи автор
R(LIN) 299690
139 ## - Редно поле
Редна дума Томов, Еленко Стефанов
Авторски знак Томо - Т 70
245 10 - Сведения за заглавието
Заглавие Пластична анатомия
Подзаглавни данни Метод. инструментариум
Редно поле (дума) Еленко Стефанов Томов.
257 ## - Страна на издаване
Страна на създаване/издаване България
260 ## - Област на издателските данни
-- София
Име на издателя, разпространителя и проч. Труд
Година на издаване 2005
Печатница София : Бет Принт
300 ## - Физическа характеристика
Страници 128 с.
Илюстрации и др. с ил., табл.
Размери/Мащаб 21 см
380 ## - Жанр
Жанр Изкуство
500 ## - Общи забележки
Забележка Офс. изд. - Библиогр. с. 126-127.
504 ## - Забележка за наличие на библиография и др
Забележка за наличие на библиография и под. 126-127
650 #4 - Допълнително описание по предмет – тема
Основно описание – тема или топоним Анатомия, пластична
9 (RLIN) 243699
653 ## - Ключова дума – ненормативна
Ключова дума пластична анатомия
653 ## - Ключова дума – ненормативна
Ключова дума рисуване
653 ## - Ключова дума – ненормативна
Ключова дума човешко тяло
653 ## - Ключова дума – ненормативна
Ключова дума човешки фигури
852 ## - Местоположение
Форматна сигнатура Цб 240849
856 4# - Електронен адрес и достъп
Електронен формат pdf - файл
Път до файла /url/
856 4# - Електронен адрес и достъп
Електронен формат pdf - файл
Път до файла /url/
942 ## - АРТИКУЛИ
Вид на библиотечния материал Книги
Скрит в OPAC Не
Koha issues (borrowed), all copies 1
944 ## - СЪЗДАВАНЕ И РЕДАКЦИЯ на ЗАПИСА
Създаване/Редакция Създаване
Дата на регистрацията/редакция 21.08.2008
Служител, извършил регистрацията/редакцията Людмила_Стоянова
944 ## - СЪЗДАВАНЕ И РЕДАКЦИЯ на ЗАПИСА
Създаване/Редакция Редакция
Дата на регистрацията/редакция 07.10.2008
Служител, извършил регистрацията/редакцията
999 ## - СИСТЕМНИ КОНТРОЛНИ НОМЕРА
Koha biblionumber 80494
Koha biblioitemnumber 80494
Наличности
Код за отписване Код за изгубен артикул Източник на класификационната схема Код за повреда Коз за рестрикции Код за отдаване Артикулен № Име на библиотеката - собственик Име на библиотеката, в която се намира в момента Статус (Текущо местоположение) Дата на вписване в системата Местоположение - отдел Цена в лева Инвентарен номер Систематично азбучна сигнатура Баркод Номер на екземпляра Цена в евро Служебна бележка Служебен тип на артикула
  Не е изгубен Universal Decimal Classification Не е повреден само за читалня ползва се в читалня 130494 Регионална библиотека "Любен Каравелов" Русе Регионална библиотека "Любен Каравелов" Русе Хранилище 2008-08-20 Хранилище 6.99 120000728184 Цб 240849 120000728184 1 3.57 Дост: Dp Вид: Д N: 20 Дата: 18.04.2008 Книги
  Не е изгубен Universal Decimal Classification Не е повреден без рестрикции заемане за дома 130495 Регионална библиотека "Любен Каравелов" Русе Регионална библиотека "Любен Каравелов" Русе Отдел Изкуство - подръчен фонд 2008-09-25 Отдел Изкуство - подръчен фонд 6.99 120000729401 74/Т 70 120000729401 2 3.57 Дост: Pk Вид: Ф N: 8932 Дата: 24.09.2008 Дата инв: 12.02.2015 Бележки инв: ИП2015 Книги
  Не е изгубен Universal Decimal Classification Не е повреден без рестрикции заемане за дома 130496 Регионална библиотека "Любен Каравелов" Русе Регионална библиотека "Любен Каравелов" Русе Отдел Изкуство - подръчен фонд 2008-09-25 Отдел Изкуство - подръчен фонд 6.99 120000729402 74/Т 70 Е 120000729402 3 3.57 Дост: Pk Вид: Ф N: 8932 Дата: 24.09.2008 Дата инв: 07.06.2012 Бележки инв: * Книги
Vip Innovations Ltd, Rousse, Bulgaria 2025